[Event "Arber op 7th"]
[Site "Bodenmais"]
[Date "2018.08.02"]
[Round "6"]
[White "Zametzer, Marcus"]
[Black "Kochendoerfer, Juergen"]
[Result "0-1"]
[WhiteElo "1293"]
[BlackElo "1776"]
[PlyCount "60"]
[EventDate "2018.07.28"]
[EventType "swiss"]
[EventRounds "9"]
[EventCountry "GER"]
[SourceTitle "CBM 185 Extra"]
[Source "ChessBase"]
[SourceDate "2018.07.29"]
[SourceVersion "1"]
[SourceVersionDate "2018.07.29"]
[SourceQuality "1"]

1. e4 b6 2. d4 Bb7 3. Bd3 e6 4. Nc3 Bb4 5. Nge2 Nf6 6. 0-0 d6 7. Bg5 h6 8. Bh4 g5 9. Bg3 Nh5 10. Nb1 Nxg3 11. Nxg3 d5 12. e5 Nd7 13. Nh5 Bf8 14. f4 Qe7 15. f5 0-0-0 16. f6 Qb4 17. Qg4 Nxe5 18. c3 Nxg4 19. cxb4 Ne3 20. Re1 Nc4 21. b3 Nd6 22. Nc3 Ne4 23. Nb5 a6 24. Bxe4 dxe4 25. Nc3 Bxb4 26. Rac1 Rxd4 27. Re2 Rhd8 28. Rec2 Rd2 29. Rxd2 Rxd2 30. Na4 Kb8 0-1